000 00539nam a2200205Ia 4500
005 20250508153222.0
008 008 250505s9999 xx 000 0 eng d
037 _aTextual
040 _aFEDL
_beng
_cFEDL
041 _aeng
_2eng
084 _a420, GOR
_qFEDL
100 _aGorrell Robert M
245 0 _aModern English workbook
250 _a2
260 _aEnglewood Cliffs
_bPrentice-Hall
_c1963
300 _ax,213p
700 _a Larid Charlton
_9763436
942 _cTEXL
_h420, GOR
999 _c1341330
_d1341330